000 00597nam a2200217Ia 4500
003 OSt
005 20260224115303.0
008 210210b1931 xxu||||| |||| 00| 0 eng d
040 _cAL
041 _ahindi
082 _a861/105
100 _aLAL (Bhagvandeen)
_d लाल (भगवानदीन)
_9256515
245 _aKeshav kaumudi II
_bकेशव कौमुदी द्वितीय
260 _aIlAhAbAd
_b-
_c1931
650 _aKeshav
_9256516
650 _akaumudi
_9256517
650 _aII
_9256518
690 _aHindi Poetry
_9256519
906 _a023125
942 _2ddc
_cBK
999 _c148030
_d148030